| 000 | 00619nam a2200193 a 4500 | ||
|---|---|---|---|
| 001 | 000026537 | ||
| 005 | 20250429115422.0 | ||
| 008 | 110322s2002 dr a 000 0 spa d | ||
| 040 |
_aDO-SdBNP _bspa _cBNPHU |
||
| 082 |
_a158.4 _bJ61d |
||
| 100 | 1 |
_aJiménez Quezada, Nicolás _953633 |
|
| 245 | 1 | 0 |
_aUn deseo y cuatro pasos para alcanzar el triunfo / _cNicolás Jiménez Quezada. |
| 260 |
_aSanto Domingo : _bTriunfo, _c2002. |
||
| 300 |
_a76 p. : _bil. ; _c15 cm. |
||
| 590 | _aInventariado, 2018/MFF | ||
| 650 | 4 |
_aLiderazgo _xEnseñanza _953634 |
|
| 650 | 0 |
_aÉxito _9394 |
|
| 910 | _aValidado. Control de calidad EMS. | ||
| 999 |
_c26029 _d26029 |
||